Автоматизация рудничных вентиляционных установок; Труды научной конференции по изучению и освоению производительных сил Сибири (25-30 июня 1939 г.); Т. IV : Проблема: угледобыча и меры борьбы с самовозгоранием углей в Кузбассе

Bibliografski detalji
Parent link:Труды научной конференции по изучению и освоению производительных сил Сибири (25-30 июня 1939 г.)/ Томский государственный университет (ТГУ).— , 1940
Т. IV : Проблема: угледобыча и меры борьбы с самовозгоранием углей в Кузбассе.— 1940.— С. 142-147
Glavni autor: Ксюнин Г. П.
Jezik:ruski
Izdano: 1940
Teme:
Format: MixedMaterials Poglavlje knjige
KOHA link:https://koha.lib.tpu.ru/cgi-bin/koha/opac-detail.pl?biblionumber=171623

MARC

LEADER 00000naa2a2200000 4500
001 171623
005 20231031164033.0
035 |a (RuTPU)RU\TPU\book\186082 
035 |a RU\TPU\tpu\6158 
090 |a 171623 
100 |a 20091207d1940 k y0rusy50 ba 
101 0 |a rus 
102 |a RU 
200 1 |a Автоматизация рудничных вентиляционных установок  |f Г. П. Ксюнин 
461 |0 (RuTPU)RU\TPU\book\37616  |t Труды научной конференции по изучению и освоению производительных сил Сибири (25-30 июня 1939 г.)  |f Томский государственный университет (ТГУ)  |d 1940 
463 |0 (RuTPU)RU\TPU\book\186089  |t Т. IV : Проблема: угледобыча и меры борьбы с самовозгоранием углей в Кузбассе  |v С. 142-147  |d 1940  |p 247 с. 
610 1 |a горное дело 
610 1 |a труды учёных ТПУ 
700 1 |a Ксюнин  |b Г. П. 
801 0 |a RU  |b 63413507  |c 20011210  |g PSBO 
801 2 |a RU  |b 63413507  |c 20091207  |g PSBO 
942 |c BK